Textbook on arbitration and conciliation with alternative dispute resolution / (Record no. 93546)

MARC details
000 -LEADER
fixed length control field 00661nam a22002057a 4500
005 - DATE AND TIME OF LATEST TRANSACTION
control field 20150623120410.0
010 ## - LCCN (DPL NO)
LC control number ENG-113022
020 ## - INTERNATIONAL STANDARD BOOK NUMBER
International Standard Book Number 9789350355480
Terms of availability 350.00
035 ## - SYSTEM CONTROL NUMBER
System control number EN-96554
037 ## - SOURCE OF ACQUISITION
Source of stock number/acquisition DBAD/PUB
082 ## - DEWEY DECIMAL CLASSIFICATION NUMBER
Classification number 347.5409
100 ## - MAIN ENTRY--PERSONAL NAME
Personal name Saharay, Madhusudan
245 ## - TITLE STATEMENT
Title Textbook on arbitration and conciliation with alternative dispute resolution /
Statement of responsibility, etc by Madhusudan Saharay
250 ## - EDITION STATEMENT
Edition statement 3rd ed
260 ## - PUBLICATION, DISTRIBUTION, ETC. (IMPRINT)
Place of publication, distribution, etc New Delhi
Name of publisher, distributor, etc Universal Law Publishing
Date of publication, distribution, etc 2015
270 ## - ADDRESS
Address A-58, G.T. Karnal Road Industrial Area
City New Delhi
Postal code 110033
300 ## - PHYSICAL DESCRIPTION
Extent lii,303p.
Dimensions 24cm(pbk)
500 ## - GENERAL NOTE
General note Includes index
942 ## - ADDED ENTRY ELEMENTS (KOHA)
Source of classification or shelving scheme Dewey Decimal Classification
Item type English Books
Call number suffix SAH
Classification part 347.5409
Holdings
Withdrawn status Lost status Not for loan Collection code Home library Current library Date acquired Source of acquisition Cost, normal purchase price Full call number Barcode Copy number Cost, replacement price Koha item type
    Not For Loan Non-fiction D.B.Act.Division D.B.Act.Division 13/05/2015 DBAD/PUB 350.00 347.5409 SAH EN-96554 1 350.00 English Books

© Delhi Public Library
Hit Counter
free hit counter